| 000 | 01045nam2a2200253 4500 | ||
|---|---|---|---|
| 001 | RU\NLR\bibl\1283865 | ||
| 005 | 20250615142103.0 | ||
| 010 |
_a5-88060-147-1 _98000 |
||
| 021 |
_aRU _b2008-63591 _93613 |
||
| 035 | _a(NLR Aleph) 001269606 | ||
| 090 |
_a430629 _c430629 |
||
| 100 | _a20081014d2008 |||y0rusy50 ca | ||
| 101 | 1 |
_arus _cscc |
|
| 102 | _aRU | ||
| 105 | _aa ||||||||| | ||
| 200 | 0 | _aАпрель, май, июнь | |
| 210 |
_d2008 _aБ. м. |
||
| 215 |
_a446, [1] с. _cил. |
||
| 461 | 0 |
_1001RU\NLR\bibl\1274939 _12001#$aОхридский Пролог$vАпрель, май, июнь _9377642 _aНиколай (Велимирович, Никола ; 1880-1956) _cМосква _d2008 _fпер. с серб. Сергея Фонова _nПаломник _oтворения святителя Николая Сербского (Велимировича) _tОхридский Пролог _vАпрель, май, июнь |
|
| 801 | 0 |
_aRU _bNLR _c20081014 _gRCR |
|
| 801 | 1 |
_aRU _bNLR _c20081014 |
|
| 942 | _cBOOK | ||
| 980 | _aNB | ||